[Event "TUR-chT2"]
[Site "Konya"]
[Date "2017.07.13"]
[Round "7.15"]
[White "Hanci, Ilker"]
[Black "Bahadir, Melih"]
[Result "0-1"]
[WhiteElo "1603"]
[BlackElo "1604"]
[PlyCount "88"]
[EventDate "2017.07.09"]
[EventType "team-swiss"]
[EventRounds "9"]
[EventCountry "TUR"]
[SourceTitle "CBM 179 Extra"]
[Source "ChessBase"]
[SourceDate "2017.08.23"]
[SourceVersion "1"]
[SourceVersionDate "2017.08.23"]
[SourceQuality "1"]
[WhiteTeam "Sinop Kultur"]
[BlackTeam "Duzcespor"]
[WhiteTeamCountry "TUR"]
[BlackTeamCountry "TUR"]

1. e4 e6 2. d4 d5 3. Nd2 dxe4 4. Nxe4 Nd7 5. Nf3 Ngf6 6. Nxf6+ Nxf6 7. Bd3 Be7 8. 0-0 0-0 9. Re1 b6 10. c3 Bb7 11. Bg5 h6 12. Bxf6 Bxf6 13. Bc2 Qe7 14. Ne5 Bxe5 15. dxe5 Rad8 16. Qe2 Qg5 17. Qf1 Rd2 18. Be4 Bxe4 19. Rxe4 Rxb2 20. Re2 Rxe2 21. Qxe2 Rd8 22. Qe4 Qd2 23. g3 Qxc3 24. Re1 c5 25. Re3 Qd4 26. Qxd4 Rxd4 27. Ra3 a5 28. Rb3 Rb4 29. Rd3 c4 30. Rd8+ Kh7 31. Rc8 b5 32. Rc5 Ra4 33. Rxb5 Rxa2 34. Rc5 Ra4 35. h4 Kg6 36. f3 Ra3 37. Rxc4 Rxf3 38. Kg2 Ra3 39. Rc5 a4 40. Kf2 Rd3 41. Rc4 a3 42. Rg4+ Kf5 43. Rxg7 Rd7 44. Rg8 Ra7 0-1